| 000 | 00766nam a2200265Ia 4500 | ||
|---|---|---|---|
| 003 | OSt | ||
| 005 | 20220918182203.0 | ||
| 006 | a|||||r|||| 00| 0 | ||
| 007 | ta | ||
| 008 | 220917b |||||||| |||| 00| 0 eng d | ||
| 024 | _a31,119 | ||
| 037 | _cTextual | ||
| 040 |
_aARTS _cARTS _beng |
||
| 041 |
_2eng _aeng |
||
| 082 | _aO111:gxM54, K9 | ||
| 100 | _aWilde Oscar | ||
| 245 | 0 | _aReviews Oscar Wilde | |
| 260 |
_aLondon _bDawsons Of Pall Mall UK _c1969 |
||
| 300 |
_axiv,555p. _ccm. |
||
| 490 | _aFirst collected edition of the works of Oscar Wilde 1908-1922 ed by Robert Ross | ||
| 500 | _aOriginally published in 1908 | ||
| 650 | _aENGLISH LITERATURE | ||
| 942 |
_hO111:gxM54, K9 _cTEXL _2CC |
||
| 999 |
_c168104 _d168104 |
||